000 00380cam a2200145ua 4500
003 OSt
008 240222b |||||||| |||| 00| 0 eng d
041 _aeng
082 _a631.86
_bTIL/BA
100 _aThilak, K V B R .
_96100
245 _aBacterial fertilizers /
260 _aNew Delhi :
_bIndian Council for Agricultural Research ,
_c1998.
300 _a66 ; .
942 _cBK
999 _c10985
_d10985